• 首页
  • 本馆介绍
  • 公告通知
  • 最新文献
  • 馆藏检索
  • 电子资源
  • 读者导购
  • 参考咨询
  • 我的图书馆
  • 登录
  • 详细信息显示
  • 放入我的书架
  • 预约/预借图书
  • 作者相关作品
  • 分类相关作品
  • 丛书相关作品
  • 出版社相关作品

书目信息

  • 表格格式
  • 工作单格式
  • 卡片格式
题名:
数字摄影测量研究30年
    
 
作者: 张祖勋 著
分册:  
出版信息: 武汉   武汉大学出版社  2007
页数: 454页
开本: 24cm
丛书名:
单 册:
中图分类: P231.5-53
科图分类:
主题词: 数字摄影测量--文集 , 数字摄影测量
电子资源:
ISBN: 978-7-307-05613-8
000 00843nam0 2200229 450
001 1548588943
005 20150117133521.21
010    @a978-7-307-05613-8@dCNY50.00
100    @a20070327d2007 emky0chiy50 ea
101 0  @achi
102    @aCN@b420000
105    @aa z 000yy
200 1  @a数字摄影测量研究30年@9shu zi she ying ce liang yan jiu 30 nian@f张祖勋著
210    @a武汉@c武汉大学出版社@d2007
215    @a454页@c照片,图@d24cm
330    @a本书精选作者投身摄影测量领域近半个世纪来发表的相关学术论文40余篇,内容既有综合性论述,也有变形纠正,特征提取、影像匹配、相机检校、三维信息提取、三维可视化等摄影测量处理的关键技术分析等。
606 0  @a数字摄影测量@j文集
606 0  @a数字摄影测量
690    @aP231.5-53@v5
701  0 @a张祖勋@9zhang zu xun@f(1937.6~)@4著
801  0 @aCN@bTSSF@c20150117
905    @aZUCC@dP231.5-53@eJY64
    
    数字摄影测量研究30年/张祖勋著.-武汉:武汉大学出版社,2007
    454页:照片,图;24cm
    
    
    ISBN 978-7-307-05613-8:CNY50.00
    本书精选作者投身摄影测量领域近半个世纪来发表的相关学术论文40余篇,内容既有综合性论述,也有变形纠正,特征提取、影像匹配、相机检校、三维信息提取、三维可视化等摄影测量处理的关键技术分析等。
●
相关链接 在E读中查询图书 在五车中查询图书 在当当中查询图书 在豆瓣中查询图书


正题名:数字摄影测量研究30年     索取号:P231.5-53/JY64         预约/预借

序号 登录号 条形码 馆藏地/架位号 状态 备注
1 7852832   278528327   学院路分馆/ [索取号:P231.5-53/JY64] 在馆    
2 7852833   278528336   学院路分馆/ [索取号:P231.5-53/JY64] 在馆    
唐山师范学院图书馆 欢迎您!
大连网信软件有限公司© 版权所有